Every Song by Good Charlotte - Statistics

General Stats
  • This quiz has been taken 41 times
    10 since last reset
  • The average score is 25 of 117
Answer Stats
Album Song % Correct
The Young and the Hopeless(2002) The Anthem
100%
The Young and the Hopeless(2002) Lifestyles of the Rich & Famous
88%
The Young and the Hopeless(2002) Girls & Boys
75%
The Chronicles of Life and Death(2004) I Just Wanna Live
75%
The Young and the Hopeless(2002) Hold On
63%
The Chronicles of Life and Death(2004) The Chronicles of Life and Death
63%
Cardiology(2010) Cardiology
50%
Good Morning Revival(2007) Dance Floor Anthem (I Don't Wanna Be in Love)
50%
Good Morning Revival(2007) Good Morning Revival
50%
Good Charlotte(2000) Little Things
50%
Good Morning Revival(2007) The River
50%
Generation Rx(2018) Generation Rx
38%
Cardiology(2010) Harlow's Song (Can't Dream Without You)
38%
Good Morning Revival(2007) Keep Your Hands Off My Girl
38%
Cardiology(2010) Last Night
38%
The Young and the Hopeless(2002) Riot Girl
38%
Cardiology(2010) Sex on the Radio
38%
Cardiology(2010) Silver Screen Romance
38%
The Young and the Hopeless(2002) The Young & the Hopeless
38%
Cardiology(2010) 1979
25%
Youth Authority(2016) 40 oz. Dream
25%
Cardiology(2010) Alive
25%
Youth Authority(2016) Cars Full of People
25%
Cardiology(2010) Counting the Days
25%
The Young and the Hopeless(2002) Emotionless
25%
Good Charlotte(2000) Festival Song
25%
Motel Du Cap(2025) GC Forever
25%
Motel Du Cap(2025) I Don't Work Here Anymore
25%
Cardiology(2010) Let the Music Play
25%
Youth Authority(2016) Life Can't Get Much Better
25%
Youth Authority(2016) Life Changes
25%
Cardiology(2010) Like It's Her Birthday
25%
Youth Authority(2016) Makeshift Love
25%
Good Morning Revival(2007) Misery
25%
The Young and the Hopeless(2002) My Bloody Valentine
25%
Generation Rx(2018) Prayers
25%
The Chronicles of Life and Death(2004) Predictable
25%
Youth Authority(2016) Reason to Stay
25%
Generation Rx(2018) Self Help
25%
Generation Rx(2018) Shadowboxer
25%
Cardiology(2010) Standing Ovation
25%
Youth Authority(2016) Stray Dogs
25%
The Young and the Hopeless(2002) The Day That I Die
25%
Good Charlotte(2000) The Motivation Proclamation
25%
Youth Authority(2016) The Outfield
25%
Cardiology(2010) There She Goes
25%
The Young and the Hopeless(2002) Wondering
25%
Generation Rx(2018) Actual Pain
13%
Good Morning Revival(2007) All Black
13%
The Young and the Hopeless(2002) A New Beginning
13%
Good Morning Revival(2007) Beautiful Place
13%
Generation Rx(2018) Better Demons
13%
Motel Du Cap(2025) Bodies
13%
Good Morning Revival(2007) Break Apart Her Heart
13%
Good Morning Revival(2007) Broken Hearts Parade
13%
Generation Rx(2018) California (The Way I Say I Love You)
13%
Motel Du Cap(2025) Castle in the Sand
13%
Cardiology(Bonus)(2010) Catherine (Damn This Situation)
13%
Good Charlotte(2000) Change
13%
Motel Du Cap(2025) Check in at Motel Du Cap
13%
Generation Rx(2018) Cold Song
13%
Good Charlotte(2000) Complicated
13%
Cardiology(Bonus)(2010) Crash
13%
Motel Du Cap(2025) Deserve You
13%
Good Charlotte(2000) East Coast Anthem
13%
The Chronicles of Life and Death(Bonus)(2004) Falling Away
13%
The Chronicles of Life and Death(2004) Ghost of You
13%
Good Charlotte(2000) I Don't Wanna Stop
13%
Good Charlotte(2000) I Heard You
13%
Cardiology(2010) Interlude: The Fifth Chamber
13%
The Chronicles of Life and Death(2004) In This World (Murder)
13%
Cardiology(2010) Introduction to Cardiology
13%
The Chronicles of Life and Death(2004) It Wasn't Enough
13%
Youth Authority(2016) Keep Swingin'
13%
Generation Rx(2018) Leech
13%
Good Charlotte(2000) Let Me Go
13%
Motel Du Cap(2025) Life is Great
13%
Good Morning Revival(2007) March On
13%
Motel Du Cap(2025) Mean
13%
The Chronicles of Life and Death(Bonus)(2004) Meet My Maker
13%
The Chronicles of Life and Death(2004) Mountain
13%
Youth Authority(2016) Moving On
13%
The Young and the Hopeless(2002) Movin' On
13%
The Chronicles of Life and Death(2004) Once Upon a Time: The Battle of Life and Death
13%
Motel Du Cap(2025) Pink Guitar
13%
Motel Du Cap(2025) Rejects
13%
Cardiology(2010) Right Where I Belong
13%
The Young and the Hopeless(2002) Say Anything
13%
Good Charlotte(2000) Screamer
13%
Good Charlotte(2000) Seasons
13%
The Chronicles of Life and Death(2004) Secrets
13%
Good Morning Revival(2007) Something Else
13%
The Chronicles of Life and Death(2004) S.O.S.
13%
Motel Du Cap(2025) Stepper
13%
Youth Authority(2016) Stick to Your Guns (Interlude)
13%
Good Charlotte(2000) Thank You Mom
13%
Good Charlotte(Bonus)(2000) The Click
13%
Motel Du Cap(2025) The Dress Rehearsal
13%
The Young and the Hopeless(2002) The Story of My Old Man
13%
The Chronicles of Life and Death(2004) The Truth
13%
The Chronicles of Life and Death(2004) The World is Black
13%
Motel Du Cap(2025) Vertigo
13%
Good Morning Revival(2007) Victims of Love
13%
Good Charlotte(2000) Waldorfworldwide
13%
The Chronicles of Life and Death(2004) Walk Away
13%
Good Charlotte(2000) Walk By
13%
Youth Authority(2016) War
13%
The Chronicles of Life and Death(2004) We Believe
13%
Good Morning Revival(2007) Where Would We Be Now
13%
The Chronicles of Life and Death(Bonus)(Hidden)(2004) Wounded
13%
Cardiology(Bonus)(2010) Accident Prone
0%
Youth Authority(Bonus)(2016) Comatose
0%
Good Morning Revival(Bonus)(2007) Face the Strange
0%
Good Morning Revival(Bonus)(2007) Jealousy
0%
Youth Authority(Bonus)(2016) Life is Hard
0%
Youth Authority(Bonus)(2016) Rise
0%
Youth Authority(Bonus)(2016) We'll Let It All Out
0%
No matching quizzes found
Score Distribution
Percent of People with Each Score
Percentile by Number Answered
Your Score History
You have not taken this quiz since the last reset